Chiméra /
Když je pod útesy v idylickém pobřežním městečku nalezeno zmrzačené tělo běžkyně, dokonalí místní obyvatelé se najednou tak dokonalými nezdají...
Uloženo v:
| Série: | Temné vábení,
část 2 |
|---|---|
| Hlavní autor: | |
| Další autoři: | |
| Médium: | E-kniha |
| Jazyk: | Czech |
| Vydáno: |
Praha :
Dobrovský s.r.o.,
2024
|
| Edice: | Vendeta
|
| Témata: | |
| Příbuzné jednotky: | Z cyklu::
Temné vábení |
| Tagy: |
Žádné tagy |
| LEADER | 02794nam a2200457 i 4500 | ||
|---|---|---|---|
| 001 | 312535 | ||
| 003 | CZ PrSKC | ||
| 005 | 20260601215724.0 | ||
| 007 | ta | ||
| 008 | 240930s2024 xr g 000 f cze | ||
| 015 | |a cnb003633945 | ||
| 020 | |a 9788027723911 |q (vázáno) : |c Kč 399,00 | ||
| 035 | |a (OCoLC)1468021529 | ||
| 040 | |a ABG001 |b cze |e rda | ||
| 041 | 1 | |a cze |h eng | |
| 072 | 7 | |a 821.111-3 |x Anglická próza, anglicky psaná |2 Konspekt | |
| 080 | |a 821.111(71)-31 |2 MRF | ||
| 080 | |a (0:82-312.4) |2 MRF | ||
| 100 | 1 | |a White, Loreth Anne |7 xx0259420 |4 aut | |
| 240 | 1 | 0 | |a Patient's secret. |l Česky |
| 245 | 1 | 0 | |a Chiméra / |c Loreth Anne White ; přeložila Kateřina Harrison Lipenská |
| 264 | 1 | |a Praha : |b Dobrovský s.r.o., |c 2024 | |
| 300 | |a 347 stran ; |c 21 cm | ||
| 336 | |a text |b txt |2 rdacontent | ||
| 337 | |a bez média |b n |2 rdamedia | ||
| 338 | |a svazek |b nc |2 rdacarrier | ||
| 490 | 1 | |a Vendeta | |
| 500 | |a Přeloženo z angličtiny | ||
| 520 | 2 | |a Když je pod útesy v idylickém pobřežním městečku nalezeno zmrzačené tělo běžkyně, dokonalí místní obyvatelé se najednou tak dokonalými nezdají... |b Lily Bradleyová je uznávaná psychoterapeutka provdaná za významného profesora. Se svými dvěma dětmi žijí v domě snů v semknuté komunitě obývající zátoku Story Cove. Jenže jednoho dne jim vtrhne do života smyslná a svobodomyslná Arwen Harperová v pomalované dodávce a s šestnáctiletým synem na sedadle spolujezdce. Arwen možná zná své nové sousedy lépe, než se znají oni sami. Potom někdo zemře a vypadá to na vraždu. Brutální a osobní vraždu, která přitáhne pozornost detektiva Rue Duvalové. Rue má za úkol odhalovat tajemství. Ale také je specialistkou na jejich skrývání. Životy tří žen se nezadržitelně proplétají a jasné je jen jedno: když jde o přežití, dokážou obyčejní lidé udělat ty nejstrašnější věci. Nakladatelská anotace. Kráceno. | |
| 655 | 7 | |a kanadské romány (anglicky) |7 fd139325 |2 czenas | |
| 655 | 7 | |a thrillery (romány) |7 fd184206 |2 czenas | |
| 655 | 9 | |a Canadian fiction (English) |2 eczenas | |
| 655 | 9 | |a thrillers (novels) |2 eczenas | |
| 700 | 1 | |a Harrison Lipenská, Kateřina, |d 1983- |7 xx0130217 |4 trl | |
| 787 | 0 | 8 | |i Z cyklu: |t Temné vábení |g 2 |
| 830 | 0 | |a Vendeta | |
| 900 | |a ABA001 |b 20 | ||
| 044 | |a xr | ||
| 910 | |a RBIT002 | ||
| 998 | |d 414875 |a https://core.palmknihy.cz/api/books/414875/cover?slgjjm |b https://core.palmknihy.cz/api/books/414875/cover/400?slgjjm |c https://core.palmknihy.cz/api/books/414875/cover/50?slgjjm |e 2028-04-03 |g 352 |i 9788027723911 |j https://core.palmknihy.cz/api/books/414875/preview.epub |k https://core.palmknihy.cz/api/books/414875/preview.pdf |l |q 49 |r 1 |s https://www.palmknihy.cz/kniha/414875 |t ebook |y 2024 |z 0 | ||
| 999 | |d 312533 | ||